<?xml version="1.0" encoding="UTF-8"?>
<record
    xmlns:xsi="http://www.w3.org/2001/XMLSchema-instance"
    xsi:schemaLocation="http://www.loc.gov/MARC21/slim http://www.loc.gov/standards/marcxml/schema/MARC21slim.xsd"
    xmlns="http://www.loc.gov/MARC21/slim">

  <leader>02862nam a22004697a 4500</leader>
  <datafield tag="999" ind1=" " ind2=" ">
    <subfield code="c">6592</subfield>
    <subfield code="d">6592</subfield>
  </datafield>
  <controlfield tag="003">OSt</controlfield>
  <controlfield tag="005">20260310120101.0</controlfield>
  <controlfield tag="008">190228c        xxut||p| |||| 00| 0 spa d</controlfield>
  <datafield tag="020" ind1=" " ind2=" ">
    <subfield code="a">9789873048555</subfield>
  </datafield>
  <datafield tag="040" ind1=" " ind2=" ">
    <subfield code="c">PJ</subfield>
  </datafield>
  <datafield tag="245" ind1="1" ind2="0">
    <subfield code="a">Revista de derecho privado y comunitario :</subfield>
    <subfield code="b">diez a&#xF1;os de vigencia del C&#xF3;digo Civil y Comercial de la Naci&#xF3;n. Persona y Derecho de las Familias - II /</subfield>
    <subfield code="c">H&#xE9;ctor Alegr&#xED;a, Jorge Mosset Iturraspe directores.</subfield>
  </datafield>
  <datafield tag="260" ind1=" " ind2=" ">
    <subfield code="a">Santa F&#xE9; :</subfield>
    <subfield code="b">Rubinzal-Culzoni,</subfield>
    <subfield code="c">2025.</subfield>
  </datafield>
  <datafield tag="300" ind1=" " ind2=" ">
    <subfield code="a">783 p.</subfield>
    <subfield code="c">22 cm.</subfield>
  </datafield>
  <datafield tag="310" ind1=" " ind2=" ">
    <subfield code="a">cuatrimestral</subfield>
  </datafield>
  <datafield tag="362" ind1=" " ind2=" ">
    <subfield code="a">No. 2 (2025)</subfield>
  </datafield>
  <datafield tag="505" ind1=" " ind2=" ">
    <subfield code="t">Irrupci&#xF3;n en el c&#xF3;digo civil y comercial de la filiaci&#xF3;n por t&#xE9;cnicas de reproducci&#xF3;n humana asistida /</subfield>
    <subfield code="r">Marisa Herrera.</subfield>
  </datafield>
  <datafield tag="505" ind1=" " ind2=" ">
    <subfield code="t">Maternidad por subrogaci&#xF3;n. &#xBF;qu&#xE9; hacer con ella? /</subfield>
    <subfield code="r">Julio C&#xE9;sar Rivera.</subfield>
  </datafield>
  <datafield tag="505" ind1=" " ind2=" ">
    <subfield code="t">Posesi&#xF3;n de estado y socioafectividad en las relaciones de familia /</subfield>
    <subfield code="r">Ricardo J. Dutto.</subfield>
  </datafield>
  <datafield tag="505" ind1=" " ind2=" ">
    <subfield code="t">Adopci&#xF3;n y proceso /</subfield>
    <subfield code="r"> Federico Pablo Notrica.</subfield>
  </datafield>
  <datafield tag="505" ind1=" " ind2=" ">
    <subfield code="t">Deber alimentario en el matrimonio y en las uniones convivenciales - confluencias y divergencias entre autonom&#xED;a y asistencia /</subfield>
    <subfield code="r"> Mariel F. Molina de Juan.</subfield>
  </datafield>
  <datafield tag="505" ind1=" " ind2=" ">
    <subfield code="t">La subrogaci&#xF3;n real en el r&#xE9;gimen patrimonial de comunidad y en las adquisiciones patrimoniales de la uni&#xF3;n convivencial /</subfield>
    <subfield code="r">Mar&#xED;a Victoria Pellegrini.</subfield>
  </datafield>
  <datafield tag="505" ind1=" " ind2=" ">
    <subfield code="t">Recompensas en el r&#xE9;gimen matrimonial de bienes /</subfield>
    <subfield code="r">Olga Orlandi.</subfield>
  </datafield>
  <datafield tag="505" ind1=" " ind2=" ">
    <subfield code="t">La atribuci&#xF3;n preferencial en la partici&#xF3;n de la comunidad conyugal /</subfield>
    <subfield code="r">Gabriel Eugenio Tavip.</subfield>
  </datafield>
  <datafield tag="505" ind1=" " ind2=" ">
    <subfield code="t">La separaci&#xF3;n de hecho en el c&#xF3;digo civil y comercial /</subfield>
    <subfield code="r"> Nadia Anah&#xED; Tordi.</subfield>
  </datafield>
  <datafield tag="505" ind1=" " ind2=" ">
    <subfield code="t">Parte general /</subfield>
    <subfield code="r"> Julio C&#xE9;sar Rivera Colaborador: Diego M. Fissore.</subfield>
  </datafield>
  <datafield tag="505" ind1=" " ind2=" ">
    <subfield code="t">Obligaciones /</subfield>
    <subfield code="r">Alberto J. Bueres Colaborador: Carlos Reyna.</subfield>
  </datafield>
  <datafield tag="505" ind1=" " ind2=" ">
    <subfield code="t">Contratos /</subfield>
    <subfield code="r">: Ricardo Luis Lorenzetti y Gonzalo Sozzo Colaborador: Mariano L. Churruarin.</subfield>
  </datafield>
  <datafield tag="505" ind1=" " ind2=" ">
    <subfield code="t">Derechos reales /</subfield>
    <subfield code="r">Leopoldo L. Peralta Mariscal Colaboradora: Mariana Rey.</subfield>
  </datafield>
  <datafield tag="505" ind1=" " ind2=" ">
    <subfield code="t">Familias /</subfield>
    <subfield code="r">A&#xED;da Kemelmajer Colaboradora: Mar&#xED;a Ang&#xE9;lica Correa.</subfield>
  </datafield>
  <datafield tag="505" ind1=" " ind2=" ">
    <subfield code="t">Sucesiones /</subfield>
    <subfield code="r">Graciela Medina Colaboradora: Andrea In&#xE9;s Podest&#xE1;.</subfield>
  </datafield>
  <datafield tag="505" ind1=" " ind2=" ">
    <subfield code="t">Concursos /</subfield>
    <subfield code="r">Jos&#xE9; A. Di Tullio Colaborador: Eduardo N&#xE9;stor Chiavassa.</subfield>
  </datafield>
  <datafield tag="505" ind1=" " ind2=" ">
    <subfield code="t">Seguros /</subfield>
    <subfield code="r">Horacio Roitman Colaborador:Jos&#xE9; A.Di Tullio.</subfield>
  </datafield>
  <datafield tag="505" ind1=" " ind2=" ">
    <subfield code="t">Sociedades /</subfield>
    <subfield code="r">H&#xE9;ctor Alegria Colaborador: Nicol&#xE1;s J. Di Lella.</subfield>
  </datafield>
  <datafield tag="505" ind1=" " ind2=" ">
    <subfield code="t">Derecho cambiario /</subfield>
    <subfield code="r">: Iv&#xE1;n G. Di Chiazza Colaborador: Jos&#xE9; Ignacio Pastore.</subfield>
  </datafield>
  <datafield tag="505" ind1=" " ind2=" ">
    <subfield code="t">Derechos humanos /</subfield>
    <subfield code="r">Graciela Medina Colaboradora: Gabriela Yuba.</subfield>
  </datafield>
  <datafield tag="650" ind1=" " ind2="0">
    <subfield code="9">1497</subfield>
    <subfield code="a">CODIGO CIVIL Y COMERCIAL</subfield>
  </datafield>
  <datafield tag="650" ind1=" " ind2="0">
    <subfield code="9">967</subfield>
    <subfield code="a">DERECHO DE FAMILIA</subfield>
  </datafield>
  <datafield tag="650" ind1=" " ind2="0">
    <subfield code="9">2741</subfield>
    <subfield code="a">DERECHOS DE LAS NI&#xD1;AS, NI&#xD1;OS Y ADOLESCENTES</subfield>
  </datafield>
  <datafield tag="700" ind1=" " ind2=" ">
    <subfield code="9">1076</subfield>
    <subfield code="a">Alegria, H&#xE9;ctor</subfield>
    <subfield code="e">director</subfield>
  </datafield>
  <datafield tag="700" ind1=" " ind2=" ">
    <subfield code="9">528</subfield>
    <subfield code="a">Mosset Iturraspe, Jorge </subfield>
    <subfield code="e">director</subfield>
  </datafield>
  <datafield tag="942" ind1=" " ind2=" ">
    <subfield code="2">udc</subfield>
    <subfield code="c">PP</subfield>
    <subfield code="h">347.1(05)</subfield>
    <subfield code="i">REV</subfield>
  </datafield>
  <datafield tag="952" ind1=" " ind2=" ">
    <subfield code="0">0</subfield>
    <subfield code="1">0</subfield>
    <subfield code="2">udc</subfield>
    <subfield code="4">0</subfield>
    <subfield code="7">0</subfield>
    <subfield code="a">DJS</subfield>
    <subfield code="b">DJS</subfield>
    <subfield code="d">2026-03-05</subfield>
    <subfield code="p">6767</subfield>
    <subfield code="r">2026-03-05</subfield>
    <subfield code="w">2026-03-05</subfield>
    <subfield code="y">PP</subfield>
  </datafield>
</record>
